Les 10 pays les plus pauvres du monde - Statistiques

Statistiques générales
  • Ce quiz a été pris 201 fois
  • Le résultat moyen est 5 sur 10
Statistiques - réponses
Réponse % Correct
République démocratique du Congo
68%
Soudan du sud
62%
Niger
60%
Malawi
47%
Madagascar
46%
Yemen
44%
Burundi
43%
République centrafricaine
43%
Liberia
32%
Mozambique
32%
Aucun quiz correspondant
Distribution des résultats
% des personnes avec chaque résultat
Percentile par nombre de réponses
Votre historique - résultats
Vous n’avez pas pris ce quiz